Foundations of engineering science.

Bibliographic Details
Main Author: Pilborough, L. (Leslie)
Format: Book
Language:English
Published: London : Blackie, 1952.
Subjects:

MARC

Tag First Indicator Second Indicator Subfields
LEADER 00000cam a2200000 4500
001 in00000046777
005 20151007075410.0
008 800613s1952 enka 00000 eng
010 |a  52043783  
035 |a (OCoLC)06418216 
035 |9 AAF3145AM 
040 |a DLC  |c TXA  |d UtOrBLW 
049 |a TXAM  |c [377327] 
050 0 |a TA145  |b .P5 
082 0 |a 620 
092 |a 620  |b 637f 
100 1 |a Pilborough, L.  |q (Leslie) 
245 1 0 |a Foundations of engineering science. 
264 1 |a London :  |b Blackie,  |c 1952. 
300 |a 468 pages :  |b illustrations ;  |c 19 cm. 
336 |a text  |b txt  |2 rdacontent 
337 |a unmediated  |b n  |2 rdamedia 
338 |a volume  |b nc  |2 rdacarrier 
650 0 |a Engineering. 
650 0 |a Physics. 
999 |a MARS 
999 f f |s e5b0586d-4792-36e4-a0cb-b556d9525874  |i ac06e5d3-30ab-3a11-921e-fd856a669e0b  |t 0 
952 f f |p ric  |a Texas A&M University  |b Rellis Campus  |c Joint Library Facility  |d Remote Storage  |t 0  |e TA145 .P5  |h Library of Congress classification  |i unmediated -- volume  |m A14801031580 
998 f f |a TA145 .P5  |t 0  |l Remote Storage